Catalog

Record Details

Catalog Search



Available copies

  • 5 of 5 copies available at LARL/NWRL Consortium.
  • 1 of 1 copy available at Lake Agassiz Regional Library. (Show)

Current holds

0 current holds with 5 total copies.

Show Only Available Copies
Location Call Number / Copy Notes Barcode Shelving Location Status Due Date
Crookston Public Library REI (Text) 33500011464047 Main Available -
Godel Memorial-Warren Library REI (Text) 35500004945976 Main Available -
Greenbush Public Library REI (Text) 35500004946057 Main Available -
Roseau Public Library REI (Text) 35500004946065 Main Available -
Thief River Falls Public Library REI (Text) 35500004945968 Main Available -

Record details

  • ISBN: 9781439102411 (hbk.)
  • ISBN: 1439102414 (hbk.)
  • ISBN: 9781439112809 (ebk.)
  • ISBN: 1439112800 (ebk.)
  • Physical Description: viii, 278 p. ; 25 cm.
  • Edition: 1st Scribner hardcover ed.
  • Publisher: New York : Scribner, 2011.

Content descriptions

Summary, etc.:
"A body is found in a barrel of asphalt next to ... Read More
Subject: Brennan, Temperance (Fictitious character) > Fiction.
Women forensic anthropologists > Fiction.
North Carolina > Fiction.
Missing persons > Fiction.
Hate groups > Fiction.
Conspiracies > Fiction.
FICTION / Suspense.
FICTION / Thrillers.
FICTION / General.
Genre: Mystery fiction.
LDR 03516cam a2200601 a 4500
001129867
003LARL_NWRL_CONSORTIUM
00520110823131239.0
008110621s2011 nyu 000 1 eng
020 . ‡a9781439102411 (hbk.)
020 . ‡a1439102414 (hbk.)
020 . ‡z9781451646696 (mass market paperback)
020 . ‡z1451646690 (mass market paperback)
020 . ‡a9781439112809 (ebk.)
020 . ‡a1439112800 (ebk.)
035 . ‡a(OCoLC)687665168
043 . ‡an-us-nc
08200. ‡a813/.54 ‡222
084 . ‡aFIC030000 ‡aFIC031000 ‡aFIC000000 ‡2bisacsh
1001 . ‡aReichs, Kathy. ‡0(LARL_NWRL_CONSORTIUM)73836
24510. ‡aFlash and bones ‡n#14 / ‡cKathy Reichs.
250 . ‡a1st Scribner hardcover ed.
260 . ‡aNew York : ‡bScribner, ‡c2011.
300 . ‡aviii, 278 p. ; ‡c25 cm.
4900 . ‡aTemperance Brennan ; ‡v14
520 . ‡a"A body is found in a barrel of asphalt next to Lowes Motor Speedway near Charlotte just as 200,000 fans are pouring into town for race week. The next day, a NASCAR crew member shares with Tempe a devastating story. Twelve years earlier his sister, Cyndi Gamble, then a high school senior who wanted to be a professional racecar driver, disappeared along with her boyfriend, Cale Lovette. Lovette kept company with a group of right wing extremists known as the Patriot Posse. Is the body Cyndi's? Or Cale's? At the time of their disappearance, the FBI joined the investigation, but the search was quickly terminated. As Tempe is considering multiple theories, including an FBI cover-up, a surprising, secret substance is found with the body, leaving Tempe to wonder what exactly the government was up to..."-- ‡cProvided by publisher.
650 0. ‡aBrennan, Temperance (Fictitious character) ‡vFiction. ‡0(LARL_NWRL_CONSORTIUM)171083
650 0. ‡aWomen forensic anthropologists ‡vFiction.
651 0. ‡aNorth Carolina ‡vFiction. ‡0(LARL_NWRL_CONSORTIUM)166409
650 0. ‡aMissing persons ‡vFiction. ‡0(LARL_NWRL_CONSORTIUM)165976
650 0. ‡aHate groups ‡vFiction.
650 0. ‡aConspiracies ‡vFiction. ‡0(LARL_NWRL_CONSORTIUM)164235
650 7. ‡aFICTION / Suspense. ‡2bisacsh
650 7. ‡aFICTION / Thrillers. ‡2bisacsh
650 7. ‡aFICTION / General. ‡2bisacsh
655 7. ‡aMystery fiction. ‡2gsafd
901 . ‡a129867 ‡bOCLC ‡c129867 ‡tbiblio

Additional Resources